Aktivity ENQA a perspekívy konvergencie systémů zajišťování kvality v Evropě

Európske štandardy a pravidla pre vnútorné a vonkajšie zaistenie kvality v rámci inštitúcií terciárneho vzdelávania. Európske štandardy a pravidla pre agentúru uskutočňujúcu vonkajšie zaistenie kvality, systém peer review. Výskumné projekty realizované ENQA. Štúdie základných trendov v oblasti zabe...

Descrizione completa

Salvato in:
Dettagli Bibliografici
Autore principale: Šima, Karel
Natura: Capitolo di libro
Lingua:ceco
Soggetti:
Tags: Aggiungi Tag
Nessun Tag, puoi essere il primo ad aggiungerne!!

MARC

LEADER 00000naa$a2200000$$$4500
001 0054904
005 20230919104547.4
041 0 |a cze 
044 |a CZ 
245 1 0 |a Aktivity ENQA a perspekívy konvergencie systémů zajišťování kvality v Evropě  |c Karel Šima 
520 |a Európske štandardy a pravidla pre vnútorné a vonkajšie zaistenie kvality v rámci inštitúcií terciárneho vzdelávania. Európske štandardy a pravidla pre agentúru uskutočňujúcu vonkajšie zaistenie kvality, systém peer review. Výskumné projekty realizované ENQA. Štúdie základných trendov v oblasti zabezpečenia kvality. 
610 2 0 |a Európa 
610 2 0 |a školy vysoké 
610 2 0 |a kvalita 
610 2 0 |a systémy informačné 
610 2 0 |a projekty 
610 2 0 |a konvergencia 
100 1 |a Šima, Karel